[Event "Aeroflot Open"]
[Site "Moscow RUS"]
[Date "2002.02.10"]
[Round "9"]
[White "Kovalev,A"]
[Black "Korobov,A"]
[Result "1/2-1/2"]
[WhiteElo "2575"]
[BlackElo "2511"]
[EventDate "2002.02.04"]

1. e4 c5 2. Nf3 d6 3. d4 cxd4 4. Nxd4 Nf6 5. Nc3 a6 6. Be2 e6 7. O-O Be7 8.
f4 Qc7 9. Kh1 Nc6 10. Be3 O-O 11. a4 Bd7 12. Nb3 Nb4 13. a5 Rac8 14. Bf3 e5
15. Rf2 Rfe8 16. Rd2 Be6 17. Ra4 Bxb3 18. Rxb4 Bc4 19. Bb6 Qb8 20. Nd5 Bxd5
21. exd5 Bd8 22. Re2 Bxb6 23. axb6 exf4 24. Rxf4 Rxe2 25. Qxe2 Re8 26. Qf2
Qd8 27. Rc4 Nd7 28. Rc7 Nxb6 29. Rxb7 Nd7 30. h3 Ne5 31. Be2 Qa5 32. Bf1
Qxd5 33. Bxa6 h6 1/2-1/2

[Event "Aeroflot Open"]
[Site "Moscow RUS"]
[Date "2002.02.10"]
[Round "9"]
[White "Shushpanov,R"]
[Black "Shchekachev,A"]
[Result "1/2-1/2"]
[WhiteElo "2460"]
[BlackElo "2573"]
[EventDate "2002.02.04"]

1. d4 Nf6 2. Nf3 g6 3. c3 Bg7 4. Bf4 O-O 5. e3 d6 6. h3 c5 7. Nbd2 b6 8.
Bh2 Qd7 9. a4 Ba6 10. Bxa6 Nxa6 11. O-O Rfc8 12. Qe2 Nc7 13. a5 cxd4 14.
axb6 axb6 15. Nxd4 b5 16. e4 e5 17. Nc2 Ne6 18. Nb3 Qe7 19. f3 Nh5 20. Nb4
Nhf4 21. Qd2 f5 22. exf5 gxf5 23. Kh1 Bf8 24. Rxa8 Rxa8 25. Nd4 Nxd4 26.
Bxf4 Nb3 27. Qd1 Qf7 28. Bh2 Qc4 29. Re1 f4 30. Qc2 Ra1 31. Rxa1 Nxa1 32.
Qd1 Nb3 33. Bg1 Na5 34. Qa1 Nb3 35. Qd1 1/2-1/2

[Event "Aeroflot Open"]
[Site "Moscow RUS"]
[Date "2002.02.10"]
[Round "9"]
[White "Sadvakasov,D"]
[Black "Janssen,R"]
[Result "1-0"]
[WhiteElo "2555"]
[BlackElo "2476"]
[EventDate "2002.02.04"]

1. e4 c5 2. Nf3 d6 3. g3 Nc6 4. d4 cxd4 5. Nxd4 g6 6. Bg2 Bg7 7. Nxc6 bxc6
8. O-O Rb8 9. c3 Qa5 10. b3 h5 11. h3 Be6 12. Bb2 h4 13. g4 g5 14. Nd2 Be5
15. Nf3 f6 16. Nxe5 dxe5 17. Qc1 Nh6 18. Ba3 c5 19. Rd1 Nf7 20. b4 Qa4 21.
bxc5 Nd8 22. Bf3 Nc6 23. Re1 Kf7 24. Bd1 Qa6 25. Bb4 Nxb4 26. cxb4 Rxb4 27.
Bb3 Rc8 28. Qc3 Rb5 29. Rac1 Qc6 30. Ba4 Qxc5 31. Qa1 Qb4 32. Bxb5 Rxc1 33.
Qxc1 Qxb5 34. a3 a5 35. Re3 a4 36. Rc3 Qe2 37. Qe3 Qd1+ 38. Kg2 Qb1 39. Rc1
Qb8 1-0

[Event "Aeroflot Open"]
[Site "Moscow RUS"]
[Date "2002.02.10"]
[Round "9"]
[White "Balashov,Y"]
[Black "Bartel,Mat"]
[Result "1-0"]
[WhiteElo "2545"]
[BlackElo "2413"]
[EventDate "2002.02.04"]

1. c4 e5 2. Nc3 Nc6 3. g3 g6 4. Bg2 Bg7 5. d3 d6 6. Rb1 f5 7. b4 Nf6 8. b5
Ne7 9. Nf3 O-O 10. O-O h6 11. a4 Rb8 12. c5 Be6 13. Ba3 Qd7 14. Rc1 g5 15.
cxd6 cxd6 16. Nd2 Rbc8 17. Nc4 Ne8 18. Qb3 e4 19. Qb4 Rf7 20. Nb1 Nd5 21.
Qd2 Ndf6 22. Na5 Rxc1 23. Rxc1 d5 24. Nb3 b6 25. Nd4 Ng4 26. Nxe6 Qxe6 27.
Rc6 Qe5 28. Qc3 d4 29. Qc4 f4 30. Re6 fxg3 31. hxg3 Qb8 32. Qc6 Ngf6 33.
Bxe4 Rc7 34. Rxe8+ Nxe8 35. Qe6+ Kh8 36. Bc6 Nf6 37. Bd6 Qc8 38. Qc4 Ng8
39. Nd2 Ne7 40. Bxc7 Qxc7 41. Qf7 Qd8 42. Ne4 a6 43. Qe6 axb5 44. Nd6 1-0

[Event "Aeroflot Open"]
[Site "Moscow RUS"]
[Date "2002.02.10"]
[Round "9"]
[White "Rychagov,A"]
[Black "Geller,J"]
[Result "1/2-1/2"]
[WhiteElo "2544"]
[BlackElo "2417"]
[EventDate "2002.02.04"]

1. d4 d5 2. c4 e6 3. Nf3 c6 4. Nbd2 Nf6 5. g3 Be7 6. Bg2 O-O 7. O-O Nbd7 8.
Qc2 b6 9. e4 Bb7 10. b3 Rc8 11. Bb2 c5 12. exd5 exd5 13. dxc5 Bxc5 14. Rad1
b5 15. Qf5 dxc4 16. bxc4 Qb6 17. Ne5 Bxg2 18. Nxd7 Nxd7 19. Kxg2 bxc4 20.
Nxc4 Qc6+ 21. Kg1 Nb6 22. Ne5 Qe6 23. Qxe6 fxe6 24. Nd3 Nc4 25. Nxc5 Nxb2
26. Rc1 Rc6 27. Nb3 Rfc8 28. Rxc6 Rxc6 29. Rb1 Nd3 30. Rd1 Rc3 31. Kf1 h6
32. Ke2 Nb4 33. Rd8+ Kh7 34. Nd4 Nxa2 35. Nxe6 Rc6 36. Nf8+ Kg8 37. Nd7+
Kh7 38. f4 g6 39. Ne5 Rc7 40. Rd6 Rg7 41. Kd3 Nb4+ 42. Kc3 a5 43. Kb3 h5
44. Kc3 Rc7+ 45. Kb3 Rg7 46. h4 Re7 47. Ka4 Nc2 48. Nxg6 Rg7 49. f5 Ne3 50.
Rf6 Rg8 51. Rf7+ Rg7 52. Rf6 Rg8 53. Rf7+ 1/2-1/2

[Event "Aeroflot Open"]
[Site "Moscow RUS"]
[Date "2002.02.10"]
[Round "9"]
[White "Zulfugarli,M"]
[Black "Macieja,B"]
[Result "0-1"]
[WhiteElo "2430"]
[BlackElo "2612"]
[EventDate "2002.02.04"]

1. e4 c5 2. Nf3 d6 3. c3 Nf6 4. Bd3 Nc6 5. Bc2 Bg4 6. d3 e6 7. Nbd2 d5 8.
h3 Bh5 9. Qe2 Be7 10. Nf1 c4 11. Ng3 Bxf3 12. gxf3 cxd3 13. Bxd3 Qc7 14.
Bd2 O-O-O 15. O-O-O Ne5 16. Bc2 Nc4 17. Kb1 Nxd2+ 18. Rxd2 Bd6 19. Rg1 Bf4
20. Rd4 g6 21. exd5 exd5 22. Ba4 a6 23. Qc2 Bd6 24. Rd2 Bc5 25. b4 Bb6 26.
Qd3 Kb8 27. Re1 Rc8 28. Kb2 Rhd8 29. Nf1 d4 30. c4 Qxc4 31. Qxc4 Rxc4 32.
Bb3 Rxb4 33. Re7 Rd7 34. Rxd7 Nxd7 35. Re2 Nc5 36. Re8+ Kc7 37. Kc2 f5 38.
Nd2 0-1

[Event "Aeroflot Open"]
[Site "Moscow RUS"]
[Date "2002.02.10"]
[Round "9"]
[White "Ulko,J"]
[Black "Avrukh,B"]
[Result "0-1"]
[WhiteElo "2484"]
[BlackElo "2591"]
[EventDate "2002.02.04"]

1. d4 Nf6 2. c4 g6 3. Nc3 d5 4. cxd5 Nxd5 5. Nf3 Bg7 6. e4 Nxc3 7. bxc3 c5
8. Rb1 O-O 9. Be2 b6 10. O-O Bb7 11. Qd3 Ba6 12. Qe3 Qd7 13. Bxa6 Nxa6 14.
Qe2 Nc7 15. Rd1 Qa4 16. Bg5 Rfe8 17. Qd2 Rad8 18. Bh6 e5 19. Bxg7 Kxg7 20.
Qg5 exd4 21. e5 Ne6 22. Qf6+ Kg8 23. Qh4 Qxa2 24. cxd4 Qd5 25. Re1 cxd4 26.
Re4 d3 27. Rd1 b5 28. h3 h5 29. Re3 Qc4 30. Re4 Qc6 31. Re3 Qc2 0-1

[Event "Aeroflot Open"]
[Site "Moscow RUS"]
[Date "2002.02.10"]
[Round "9"]
[White "Kosyrev,V"]
[Black "Mirovshchikov,S"]
[Result "1/2-1/2"]
[WhiteElo "2565"]
[BlackElo "2402"]
[EventDate "2002.02.04"]

1. d4 d5 2. c4 dxc4 3. e3 Nf6 4. Bxc4 e6 5. Nf3 c5 6. O-O a6 7. a4 Nc6 8.
Qe2 cxd4 9. Rd1 Be7 10. exd4 O-O 11. Nc3 Nb4 12. Bg5 Nbd5 13. a5 Re8 14.
Ne5 Bd7 15. Nxd5 exd5 16. Bxf6 dxc4 17. Bxe7 Qxe7 18. Qxc4 Bb5 19. Qb3 Qe6
20. Qxe6 Rxe6 21. Rac1 f6 22. Nf3 Rc6 23. Rxc6 Bxc6 24. h3 Rd8 25. Rd2 Rd5
26. b4 Rb5 27. Rb2 Bxf3 28. gxf3 Kf7 29. Kf1 Ke6 30. Ke2 Rh5 31. Ke3 Kd6
32. h4 Rxh4 33. b5 Rh1 34. bxa6 bxa6 35. Rb6+ Kd5 36. Rxa6 Re1+ 37. Kf4 Rd1
38. Ra8 Rxd4+ 39. Kf5 g6+ 40. Kxf6 Rf4+ 41. Kg7 Rxf3 42. a6 Kc6 43. Rb8 Ra3
44. Kxh7 Rxa6 45. Rg8 Kd5 46. Rxg6 1/2-1/2

[Event "Aeroflot Open"]
[Site "Moscow RUS"]
[Date "2002.02.10"]
[Round "9"]
[White "Akhmetov,A"]
[Black "Miton,K"]
[Result "1/2-1/2"]
[WhiteElo "2482"]
[BlackElo "2521"]
[EventDate "2002.02.04"]

1. Nf3 f5 2. g3 Nf6 3. Bg2 g6 4. O-O Bg7 5. d4 O-O 6. b3 d6 7. Bb2 c6 8.
Nbd2 Na6 9. e3 h6 10. Qe2 g5 11. Ne1 Qe8 12. Nd3 Qg6 13. Rae1 Ne4 14. f3
Nxd2 15. Qxd2 Nc7 16. e4 fxe4 17. fxe4 Rxf1+ 18. Rxf1 Bd7 19. a4 b6 20. a5
Rf8 1/2-1/2

[Event "Aeroflot Open"]
[Site "Moscow RUS"]
[Date "2002.02.10"]
[Round "9"]
[White "Iskusnyh,S"]
[Black "Zubarev,A1"]
[Result "1/2-1/2"]
[WhiteElo "2514"]
[BlackElo "2480"]
[EventDate "2002.02.04"]

1. c4 c5 2. Nf3 Nc6 3. e3 Nf6 4. Nc3 e6 5. d4 d5 6. cxd5 exd5 7. Be2 Be7 8.
dxc5 Bxc5 9. O-O O-O 10. b3 a6 11. Bb2 Ba7 12. Qc2 h6 13. Rfd1 Be6 14. Rac1
Qe7 15. Qb1 Rfd8 16. Na4 Bg4 17. h3 Ne4 18. hxg4 Nxf2 19. Bd4 Nxd4 20. exd4
Nxd1 21. Bxd1 Bxd4+ 22. Nxd4 Qe3+ 23. Kf1 Qxd4 24. Bf3 Rac8 25. Rd1 Qe3 26.
Qd3 Qg5 27. Nb6 Rc1 28. Nxd5 Rxd1+ 29. Qxd1 Rc8 30. Ke2 Qe5+ 31. Kf2 b5 32.
Qd3 g6 33. Qe4 Qb2+ 34. Kg3 Kg7 35. a4 bxa4 36. Qxa4 Qe5+ 37. Qf4 Qe1+ 38.
Kh2 1/2-1/2

[Event "Aeroflot Open"]
[Site "Moscow RUS"]
[Date "2002.02.10"]
[Round "9"]
[White "Zaitsev,I"]
[Black "Postny,E"]
[Result "0-1"]
[WhiteElo "2444"]
[BlackElo "2491"]
[EventDate "2002.02.04"]

1. e4 g6 2. d4 Bg7 3. Nf3 d6 4. Be2 Nf6 5. Nc3 O-O 6. O-O c6 7. Re1 Nbd7 8.
e5 dxe5 9. dxe5 Ng4 10. e6 fxe6 11. h3 Nge5 12. Ng5 Nf6 13. f4 Nf7 14. Qxd8
Nxd8 15. g3 Nd5 16. Bd2 b6 17. Bg4 Nc7 18. h4 e5 19. Bxc8 Rxc8 20. fxe5
Nde6 21. Nxe6 Nxe6 22. Re4 Rcd8 23. Rd1 Rf5 24. Bf4 Rxd1+ 25. Nxd1 Nxf4 26.
gxf4 Bh6 0-1

[Event "Aeroflot Open"]
[Site "Moscow RUS"]
[Date "2002.02.10"]
[Round "9"]
[White "Shabanov,Y"]
[Black "Bar,R"]
[Result "1/2-1/2"]
[WhiteElo "2463"]
[BlackElo "2418"]
[EventDate "2002.02.04"]

1. e4 c5 2. Nf3 e6 3. d3 d5 4. Nbd2 g6 5. g3 Bg7 6. Bg2 Ne7 7. O-O Nbc6 8.
c3 b6 9. Re1 a5 10. a4 Ba6 11. exd5 Nxd5 12. Nb3 O-O 13. d4 cxd4 14. Nbxd4
Nxd4 15. Nxd4 Rc8 16. Nb5 Qd7 17. Bf1 Rfd8 18. Qb3 Bf8 19. Bg5 Be7 20. Bxe7
Qxe7 21. Rad1 Bxb5 22. Qxb5 Qc7 23. Re4 Ne7 24. Red4 1/2-1/2

[Event "Aeroflot Open"]
[Site "Moscow RUS"]
[Date "2002.02.10"]
[Round "9"]
[White "Isaev,J"]
[Black "Zilberman,Y"]
[Result "1/2-1/2"]
[WhiteElo "2455"]
[BlackElo "2466"]
[EventDate "2002.02.04"]

1. e4 Nf6 2. e5 Nd5 3. d4 d6 4. c4 Nb6 5. f4 Bf5 6. Nc3 e6 7. Be3 dxe5 8.
fxe5 Be7 9. Nf3 O-O 10. Bd3 Bxd3 11. Qxd3 Nc6 12. O-O-O a5 13. d5 Nb4 14.
Qe4 exd5 15. cxd5 Nd7 16. h4 Nc5 17. Qc4 b6 18. Ng5 Qc8 19. Bxc5 Bxc5 20.
Qe4 g6 21. Rdf1 c6 22. d6 Nd5 23. Rf3 h6 24. e6 f5 25. Qe5 Ra7 26. e7 Nxe7
27. Ne6 Nd5 28. Nxf8 Qxf8 29. Nxd5 cxd5 30. Qxd5+ Qf7 31. Qe5 Qxa2 32. d7
Qa1+ 33. Kc2 Qa4+ 34. Kb1 Rxd7 35. Qe8+ Kg7 1/2-1/2